Na sygnale - serial polski - Statystyki

Ogólne statystyki
  • Ten quiz został rozwiązany 479 razy
  • Średni wynik to 8 z 20
Statystyki odpowiedzi
Odpowiedź % Poprawnych
Wiktor Banach
90%
Artur Góra
82%
Piotr Strzelecki
82%
Martyna Strzelecka
79%
Anna Reiter
60%
Adam Wszołek
54%
Barbara Wszołek
50%
Beniamin Vick
45%
Julia Kowalczyk
45%
Beata Górska
42%
Jakub Szczęsny
38%
Zofia Banach
29%
Czarek
25%
Zdzisław Tarapata
22%
Wiesława Góra
15%
Tadeusz Wszołek
13%
Sonia Wielgosz
12%
Gabryiel Nowak
9%
Albert Bieliński
8%
Afiya Ogrodnik
6%
Nie znaleziono quizów pasujących do podanych kryteriów
Rozkład punktacji
Procent ludzi z każdym wynikiem
Percentyl według liczby udzielonych odpowiedzi
Twoja historia wyników
Nie rozwiązałeś tego quizu